| 000 | 004940000a22001690004500 | ||
|---|---|---|---|
| 090 |
_aAR _b02950 |
||
| 245 | 1 | 0 | _aMammalian densities at protected versus hunted sities in Central Panama |
| 650 | 1 | 4 |
_aMamíferos _992510 |
| 650 | 1 | 4 |
_aDinámica poblacional _9608 |
| 650 | 1 | 4 |
_aEcología de comunidades _93558 |
| 650 | 1 | 4 |
_aConservación _992401 |
| 651 | 4 |
_pPanamá _992749 |
|
| 041 | 0 | _aInglés | |
| 100 | 1 |
_aGlanz, William E. _996497 |
|
| 942 | _cARTICULO | ||
| 773 | 1 |
_tPreprint _33 _q163-173 _d1991 |
|
| 999 |
_c12009 _d12009 |
||